[Event "AUTO-ADV-4894"]
[Site "http://www.queenalice.com/game.php?id=1863368"]
[Date "2025.9.25"]
[Round "1"]
[White "maurice916"]
[Black "dimitridruloza2012"]
[Result "1-0"]
[WhiteElo "1832"]
[BlackElo "1795"]

1. Nf3 b6 2. b3 Bb7 3. Bb2 f6 4. e3 Nc6 5. c4 e5 6. Nc3 Bb4 7. Be2 Qe7 8. a3 Bd6
9. Rb1 Nh6 10. e4 O-O-O 11. O-O g5 12. Nd5 Qf8 13. Ne1 Bxa3 14. Bxa3 Qxa3 15.
Nxf6 Qf8 16. Nd5 Nd4 17. Nf3 Nxf3+ 18. Bxf3 Nf7 19. d4 h5 20. b4 Nd6 21. c5 Nc4
22. Be2 b5 23. Bxc4 bxc4 24. Qc2 Qf4 25. Nxf4 gxf4 26. Qxc4 Bxe4 27. dxe5 Bb7
28. Qxf4 Rdf8 29. Qh4 Rhg8 30. g3 Bf3 31. e6 Rg4 32. Qe7 Rd8 33. exd7+ Rxd7 34.
Qf8+ Rd8 35. Qxf3 Rdg8 36. Qf5+ Kb8 37. Qxh5 R8g5 38. Qe8+ Kb7 39. Ra1 Rg8 40.
Qe5 R8g5 41. c6+ Kb6 42. Qc3 Rg6 43. Qd3 Rxc6 44. Ra6+ Kb7 45. Rxc6 Kxc6 46.
Qf3+ Kb5 47. Qxg4 c5 48. Qe2+ c4 49. Rb1 a5 50. bxa5+ Kc5 51. Qe5+ Kc6 52. Rb6+
Kd7 53. Qe6+ Kc7 54. Qd6+ Kc8 55. Rb8# 1-0

[Event "AUTO-ADV-4894"]
[Site "http://www.queenalice.com/game.php?id=1863369"]
[Date "2025.9.25"]
[Round "1"]
[White "dimitridruloza2012"]
[Black "maurice916"]
[Result "0-1"]
[WhiteElo "1788"]
[BlackElo "1798"]

1. g3 c6 2. Bg2 d5 3. b3 Nf6 4. Bb2 Bf5 5. Nf3 h6 6. Nh4 Bh7 7. Nc3 Nbd7 8. e3
e5 9. d3 Bd6 10. Qd2 O-O 11. Ne2 Qb6 12. d4 e4 13. Nc3 Bb4 14. a3 Bxc3 15. Bxc3
c5 16. Ba5 Qc6 17. Bh3 cxd4 18. Qxd4 b6 19. Bc3 Rac8 20. Bb4 Rfe8 21. c4 dxc4
22. Rc1 b5 23. Qxa7 Rc7 24. Qd4 Ne5 25. Qa1 Nd3+ 26. Kf1 Nxc1 27. Qxc1 cxb3 28.
Qb2 Qc2 29. Qd4 b2 30. Kg2 b1=Q 31. Bf5 Qxh1+ 32. Kxh1 Bxf5 33. Nxf5 Qxf2 34.
Nxh6+ Kh7 0-1

[Event "AUTO-ADV-4894"]
[Site "http://www.queenalice.com/game.php?id=1863384"]
[Date "2025.9.25"]
[Round "1"]
[White "Capixabba789"]
[Black "dimitridruloza2012"]
[Result "1-0"]
[WhiteElo "1922"]
[BlackElo "1799"]

1. d4 b6 2. e4 Bb7 3. Bd3 Nc6 4. f4 Nxd4 5. Nf3 Nxf3+ 6. Qxf3 Nf6 7. O-O e6 8.
Be3 Bd6 9. Nd2 Qe7 10. Nc4 g6 11. Nxd6+ cxd6 12. g4 h5 13. g5 Ng8 14. Qf2 d5 15.
exd5 Bxd5 16. Bd4 Rh7 17. Bc3 Qd6 18. Rae1 Bxa2 19. b3 Rc8 20. Be5 Qb4 21. Ra1
Bxb3 22. cxb3 Qxb3 23. Be4 a5 24. Rfb1 Qc4 25. Bh1 h4 26. Rxb6 h3 27. Rbb1 Qa6
28. Bb7 Rc1+ 29. Rxc1 Qxb7 30. Rc7 Rh4 31. Rxb7 1-0

[Event "AUTO-ADV-4894"]
[Site "http://www.queenalice.com/game.php?id=1863385"]
[Date "2025.9.25"]
[Round "1"]
[White "dimitridruloza2012"]
[Black "Capixabba789"]
[Result "1-0"]
[WhiteElo "1772"]
[BlackElo "1938"]

1. g3 e5 2. Bg2 d5 3. b3 f5 4. Bb2 Nc6 5. Nf3 Nf6 6. Nxe5 Be7 7. Nxc6 bxc6 8.
Nc3 O-O 9. e3 a5 10. a4 Ba6 11. d3 Bb4 12. Qe2 Ne4 13. Bxe4 fxe4 14. O-O-O exd3
15. cxd3 Qg5 16. f4 Qg6 17. e4 d4 18. Nb1 Rad8 19. Qf2 c5 20. h4 Qe6 21. Kc2 c6
22. f5 Qe5 23. h5 Rd6 24. g4 Rfd8 25. g5 c4 26. bxc4 c5 27. g6 h6 28. Nd2 Bc8
29. Nf3 Qf4 30. Rh4 Qe3 31. Qxe3 dxe3 32. Rh2 Bb7 33. Rh4 Bc6 34. Kb3 Rxd3+ 35.
Rxd3 Rxd3+ 36. Kc2 Rd8 37. Ne5 Bxa4+ 38. Kb1 e2 39. Nf3 e1=N 40. Ne5 Bb3 41. Bc1
Nd3 42. Nc6 Rd7 43. e5 Nxe5 44. Nxb4 axb4 45. Re4 Bxc4 46. Rxe5 Rd8 47. Rxc5
Bd3+ 48. Kb2 Be2 49. f6 gxf6 50. Bxh6 Bd3 51. Rc7 f5 52. Rg7+ Kh8 53. Rf7 Rg8
54. Rh7# 1-0

[Event "AUTO-ADV-4894"]
[Site "http://www.queenalice.com/game.php?id=1863396"]
[Date "2025.9.25"]
[Round "1"]
[White "dimitridruloza2012"]
[Black "Pipo712"]
[Result "1-0"]
[WhiteElo "1780"]
[BlackElo "1766"]

1. g3 c5 2. Bg2 d5 3. b3 e5 4. Bb2 d4 5. Na3 Nc6 6. Nf3 Bd6 7. e3 Nge7 8. Ng5
Ng6 9. h4 h6 10. Ne4 Be7 11. Qe2 f5 12. Qh5 Kf7 13. Nc4 Nb4 14. O-O Nd5 15.
Nxe5+ Kg8 16. Nxg6 fxe4 17. Bxe4 Nf6 18. Qf3 Kf7 19. Nf4 Nxe4 20. Qxe4 Qd6 21.
exd4 Qf6 22. Qd5+ Kf8 23. Rae1 g5 24. Rxe7 Kxe7 25. Re1+ Kf8 26. Qxc5+ Kg8 27.
Nd5 Qf8 28. Qc4 Kg7 29. Re7+ Kg6 30. Qd3+ Qf5 31. Qc4 Rf8 32. Re2 Bd7 33. Ne7+
1-0

[Event "AUTO-ADV-4894"]
[Site "http://www.queenalice.com/game.php?id=1863397"]
[Date "2025.9.25"]
[Round "1"]
[White "Pipo712"]
[Black "dimitridruloza2012"]
[Result "1-0"]
[WhiteElo "1751"]
[BlackElo "1795"]

1. e4 b6 2. d4 Bb7 3. Nc3 g6 4. Bd3 Bg7 5. Be3 Nc6 6. a3 Nf6 7. Nge2 Ng4 8. O-O
e6 9. Qd2 Qe7 10. h3 Nf6 11. b4 h5 12. Bc4 O-O-O 13. e5 Ng8 14. Ne4 Nxe5 15.
dxe5 Bxe4 16. Bg5 f6 17. exf6 Bxf6 18. Bxf6 Nxf6 19. Nd4 Qd6 20. Qc3 Bb7 21. Nb5
Qc6 22. Nxa7+ Kb8 23. Nxc6+ Bxc6 24. Qxf6 g5 25. a4 g4 26. h4 Rhf8 27. Qd4 Kb7
28. b5 Bf3 29. Ra3 c5 30. bxc6+ dxc6 31. Qxd8 Rxd8 32. gxf3 e5 33. fxg4 hxg4 34.
Bd3 Rh8 35. Kg2 Rxh4 36. Rh1 Rxh1 37. Kxh1 1-0

[Event "AUTO-ADV-4844"]
[Site "http://www.queenalice.com/game.php?id=1864004"]
[Date "2025.10.8"]
[Round "2"]
[White "dimitridruloza2012"]
[Black "MMA34"]
[Result "0-1"]
[WhiteElo "1799"]
[BlackElo "2160"]

1. g3 e5 2. Bg2 d5 3. b3 Nf6 4. Bb2 Bd6 5. Nc3 c6 6. h3 Be6 7. e3 e4 8. Nce2 a5
9. Nc3 b5 10. Nge2 Qc7 11. Nd4 Bd7 12. Qe2 b4 13. Na4 c5 14. Nb5 Bxb5 15. Qxb5+
Nbd7 16. h4 Rb8 17. Qe2 h6 18. d4 cxd4 19. Bxd4 O-O 20. O-O Rfe8 21. Bh3 Rec8
22. Rac1 Re8 23. c4 bxc3 24. Rxc3 Qb7 25. Rcc1 Ne5 26. Bg2 Nd3 27. Rc3 Be5 28.
Rxd3 exd3 29. Qxd3 Bxd4 30. Qxd4 Red8 31. Nc3 Rbc8 32. Ne2 Rc2 33. Nf4 Rxa2 34.
Rb1 Qc7 35. Bf1 Qc2 36. Ra1 Qxf2+ 37. Kh1 Qh2# 0-1

[Event "AUTO-ADV-4844"]
[Site "http://www.queenalice.com/game.php?id=1864005"]
[Date "2025.10.8"]
[Round "2"]
[White "MMA34"]
[Black "dimitridruloza2012"]
[Result "1-0"]
[WhiteElo "2157"]
[BlackElo "1786"]

1. e4 b6 2. d4 Bb7 3. Bd3 g6 4. Nf3 Bg7 5. c3 Nf6 6. Qe2 e6 7. Bg5 h6 8. Bh4 g5
9. Bg3 Nc6 10. Nbd2 Nh5 11. d5 Na5 12. Rc1 Qe7 13. b4 Bxc3 14. bxa5 Qa3 15. O-O
Qxa5 16. Nb3 Qb4 17. Qc2 Nxg3 18. hxg3 Qd6 19. Qxc3 O-O-O 20. Rfd1 g4 21. Ne5
Qe7 22. Qxc7# 1-0

[Event "AUTO-ADV-4898"]
[Site "http://www.queenalice.com/game.php?id=1864259"]
[Date "2025.10.14"]
[Round "1"]
[White "maurice916"]
[Black "dimitridruloza2012"]
[Result "0-1"]
[WhiteElo "1842"]
[BlackElo "1788"]

1. Nf3 b6 2. e3 Bb7 3. b3 Nc6 4. Bb2 e6 5. d4 g6 6. d5 f6 7. dxc6 Bxc6 8. Be2
Bd6 9. O-O Qe7 10. a4 a5 11. Re1 h5 12. Bb5 Bb7 13. Na3 e5 14. Nd2 Qe6 15. Bd3
f5 16. f4 Qd5 17. e4 Qc5+ 18. Kh1 Qf2 19. fxe5 Be7 20. Rf1 Qh4 21. Nf3 Qg4 22.
e6 d6 23. Bxh8 fxe4 24. Bb5+ c6 25. h3 Qxe6 26. Nd4 Qd7 27. Bc4 d5 28. Be2 Nh6
29. Be5 Nf7 30. Bh2 Ng5 31. c3 Nxh3 32. gxh3 Qxh3 33. Nf3 Bd6 34. Rf2 exf3 35.
Bxf3 O-O-O 36. Qd2 Rg8 37. Nc2 Kb8 38. Qg5 Rf8 39. Qe3 g5 40. Nd4 g4 41. Ne6
Rxf3 42. Ng5 Rxe3 43. Nxh3 Rxh3 44. Kg1 g3 45. Bxg3 Rxg3+ 46. Kf1 Rxc3 47. Rf6
Bc5 48. Re1 Ka7 49. Rf5 h4 50. Rh5 h3 51. Re6 Rc2 52. Re2 Ba6 53. Rxh3 Rxe2 54.
b4 Rh2+ 55. Ke1 Bxb4+ 56. Kd1 Rxh3 57. Kc2 d4 58. Kd1 Rh2 59. Kc1 d3 60. Kd1 d2
0-1

[Event "AUTO-ADV-4898"]
[Site "http://www.queenalice.com/game.php?id=1864260"]
[Date "2025.10.14"]
[Round "1"]
[White "dimitridruloza2012"]
[Black "maurice916"]
[Result "0-1"]
[WhiteElo "1806"]
[BlackElo "1833"]

1. g3 c6 2. Bg2 Nf6 3. b3 d5 4. Bb2 Bf5 5. Nf3 e6 6. Nc3 Be7 7. h3 h6 8. e3 Nbd7
9. Qe2 Qc7 10. Nh4 Bh7 11. d3 a6 12. Na4 b5 13. Nc3 Rb8 14. Qf3 Ne5 15. Qe2 Bd6
16. a3 a5 17. d4 Ned7 18. a4 b4 19. Nd1 c5 20. Rc1 c4 21. c3 bxc3 22. Bxc3 Rxb3
23. O-O Bd3 24. Qd2 Bxf1 25. Bxf1 Bb4 26. Qc2 Bxc3 27. Nxc3 O-O 28. Nb5 Qb8 29.
Bg2 Rc8 30. Kh2 Nb6 31. Ra1 Nbd7 32. Nf3 Rxb5 33. axb5 Qxb5 34. Rb1 Qa6 35. Qa4
Rb8 36. Ra1 Ra8 37. Ne5 Nxe5 38. dxe5 Ne8 39. Rb1 Qa7 40. h4 f6 41. exf6 Nxf6
42. Bh3 Qa6 43. Kg2 Ne4 44. Qd7 Nc5 45. Qe7 Rc8 46. h5 a4 47. Rb7 Qxb7 48. Qd6
Qf7 49. f4 a3 50. Qe5 Ra8 51. Qd6 Rc8 52. Qe5 a2 53. Qd4 Rc7 54. Kf3 Qe7 55. f5
Nb3 56. Qe5 a1=Q 57. Qf4 e5 58. Qg4 Nd2+ 59. Ke2 Qc3 60. f6 Qd3+ 61. Ke1 Qxf6
62. Bg2 c3 63. Qb4 Nf3+ 64. Bxf3 Qd2+ 0-1

[Event "AUTO-ADV-4898"]
[Site "http://www.queenalice.com/game.php?id=1864271"]
[Date "2025.10.14"]
[Round "1"]
[White "dimitridruloza2012"]
[Black "askasl159"]
[Result "1-0"]
[WhiteElo "1782"]
[BlackElo "1485"]

1. g3 e5 2. Bg2 Nf6 3. b3 d5 4. Bb2 Nc6 5. Nf3 e4 6. Nd4 Bc5 7. Nb5 a6 8. N5c3
O-O 9. Na4 Ba7 10. e3 Bg4 11. f3 exf3 12. Bxf3 Bxf3 13. Qxf3 b5 14. Nac3 Re8 15.
d3 Rxe3+ 16. Qxe3 1-0

[Event "AUTO-ADV-4898"]
[Site "http://www.queenalice.com/game.php?id=1864272"]
[Date "2025.10.14"]
[Round "1"]
[White "askasl159"]
[Black "dimitridruloza2012"]
[Result "0-1"]
[WhiteElo "1490"]
[BlackElo "1777"]

1. e4 b6 2. Bc4 Bb7 3. Nc3 g6 4. d4 Bg7 5. Nf3 Nf6 6. O-O Nxe4 7. Nxe4 Bxe4 8.
Re1 Bb7 9. Bf4 d6 10. Re3 Qd7 11. c3 e6 12. Qd2 Qc6 13. b3 Nd7 14. Rd1 h5 0-1

[Event "AUTO-ADV-4900"]
[Site "http://www.queenalice.com/game.php?id=1864719"]
[Date "2025.10.25"]
[Round "1"]
[White "game"]
[Black "dimitridruloza2012"]
[Result "1-0"]
[WhiteElo "1629"]
[BlackElo "1791"]

1. e4 b6 2. d4 Bb7 3. Nc3 g6 4. Qf3 Bg7 5. Bc4 e6 6. d5 Nf6 7. Bg5 h6 8. Bxf6
Bxf6 9. O-O-O Na6 10. dxe6 fxe6 11. Bxe6 Bc6 12. Qg3 g5 13. Nf3 Qe7 14. Bg4
O-O-O 15. a3 Bxc3 16. bxc3 Qxa3+ 17. Kd2 Bxe4 18. Ra1 Qd6+ 19. Qxd6 cxd6 20.
Rxa6 Kb7 21. Rha1 Ra8 22. R6a4 d5 23. Bxd7 h5 24. Ne5 Bxg2 25. Bc6+ Kb8 26. Bxa8
Kxa8 27. Rxa7+ Kb8 28. Nc6+ Kc8 29. Ra8+ Kc7 30. Rxh8 Kxc6 31. Rxh5 g4 32. Kd3
Be4+ 33. Kd2 Kc5 34. Ke3 Bxc2 35. Rg5 b5 36. Ra5 Ba4 37. Rxg4 d4+ 38. cxd4+ Kc4
39. f4 Bd1 40. Rg8 b4 41. Rc8+ Kb3 42. d5 Kb2 43. Kd2 Bg4 44. Rb8 Kb3 45. Rab5
Bf3 46. Rxb4+ Ka3 47. Kc2 Bxd5 48. R4b5 Bb3+ 49. Rxb3+ Ka2 50. Ra8# 1-0

[Event "AUTO-ADV-4900"]
[Site "http://www.queenalice.com/game.php?id=1864720"]
[Date "2025.10.25"]
[Round "1"]
[White "dimitridruloza2012"]
[Black "game"]
[Result "1-0"]
[WhiteElo "1797"]
[BlackElo "1640"]

1. g3 d5 2. Bg2 Bg4 3. b3 Nc6 4. Bb2 Bf5 5. Nc3 Nb4 6. d3 Qd7 7. a3 Nc6 8. Nxd5
Nf6 9. Ne3 e5 10. Nf3 O-O-O 11. Nxe5 Qe6 12. Nxc6 bxc6 13. Qd2 Bc5 14. Qa5 Bb6
15. Qa4 Bxe3 16. Bxc6 Bb6 17. Qa6+ Kb8 18. Qb7# 1-0

[Event "AUTO-ADV-4900"]
[Site "http://www.queenalice.com/game.php?id=1864735"]
[Date "2025.10.25"]
[Round "1"]
[White "Daniel1962"]
[Black "dimitridruloza2012"]
[Result "1-0"]
[WhiteElo "1835"]
[BlackElo "1755"]

1. e4 b6 2. d3 Bb7 3. Bf4 g6 4. Be5 f6 5. Bc3 Bg7 6. Ne2 e5 7. g3 Nc6 8. Nd2 Bh6
9. Bg2 Qe7 10. a3 a5 11. Nf3 Qf7 12. Bh3 Nge7 13. Bd2 Bg7 14. b4 axb4 15. Bxb4
Nxb4 16. axb4 O-O 17. Bxd7 Rad8 18. Bb5 Bxe4 19. Neg1 Qe6 20. Bc4 Bd5 21. Bxd5
Nxd5 22. c4 Nxb4 23. Ra3 Qd6 24. Ke2 Qc5 25. Nh3 Rxd3 26. Rxd3 Qxc4 27. Qb3 b5
28. Qxc4+ bxc4 29. Rd7 c6 30. Rc1 e4 31. Nd2 f5 32. Rxc4 Nd5 33. Rxc6 Nb4 34.
Rcc7 Be5 35. Rb7 Nc6 36. Ng5 Nd4+ 37. Kf1 Nf3 38. Ndxf3 exf3 39. Nxf3 Bc3 40.
Rxh7 f4 41. Ng5 f3 42. Rh6 Rd8 43. Rxg6+ Kf8 44. Ne6+ Ke8 45. Rg8# 1-0

[Event "AUTO-ADV-4900"]
[Site "http://www.queenalice.com/game.php?id=1864736"]
[Date "2025.10.25"]
[Round "1"]
[White "dimitridruloza2012"]
[Black "Daniel1962"]
[Result "0-1"]
[WhiteElo "1769"]
[BlackElo "1821"]

1. g3 d5 2. Bg2 Bf5 3. b3 Nc6 4. Bb2 f6 5. Nc3 e6 6. e3 Bb4 7. Na4 Nge7 8. a3
Bd6 9. Nf3 g5 10. Bxf6 Rf8 11. Bxg5 Qd7 12. Nh4 Be4 13. Bxe4 dxe4 14. Qh5+ Rf7
15. Ng2 Ne5 16. O-O O-O-O 17. Bf4 Nf3+ 18. Kh1 Nf5 19. d3 Bxf4 20. Nxf4 Rg7 21.
dxe4 Nd2 22. Rfd1 Ne7 23. Qe2 e5 24. Rxd2 Qxd2 25. Qf3 Qxc2 26. Ne6 Rd2 27. Rf1
Rg6 28. Nf8 Rh6 29. Qg4+ Kb8 30. Qg7 Qxe4+ 31. f3 Rhxh2+ 32. Kg1 Qxe3+ 33. Rf2
Qxf2# 0-1

[Event "AUTO-OPEN-4624"]
[Site "http://www.queenalice.com/game.php?id=1865600"]
[Date "2025.11.15"]
[Round "1"]
[White "Daniel1962"]
[Black "dimitridruloza2012"]
[Result "0-1"]
[WhiteElo "1764"]
[BlackElo "1749"]

1. e4 b6 2. d3 Bb7 3. Bf4 f6 4. Nc3 g6 5. Nb5 d6 6. Nf3 Qd7 7. d4 Bxe4 8. Nd2
Bb7 9. f3 Ba6 10. c4 Bb7 11. d5 Bg7 12. Qe2 a6 13. Nd4 f5 14. Ne6 Bxb2 15. Rb1
Bc3 16. Ng7+ Bxg7 17. Rb3 a5 18. Qe3 Na6 19. a3 Nc5 20. Rb1 Nf6 21. Qc3 Nh5 22.
Qe3 Qa4 23. Bg5 O-O-O 24. Be2 Rde8 25. O-O e6 26. dxe6 Rxe6 27. Qf2 Qxa3 28.
Rfc1 h6 29. Be3 Rxe3 30. Bf1 Bd4 31. Kh1 Rhe8 32. g4 Nf4 33. gxf5 Rxf3 34. Nxf3
Bxf2 35. Bg2 Bxf3 0-1

[Event "AUTO-OPEN-4624"]
[Site "http://www.queenalice.com/game.php?id=1865601"]
[Date "2025.11.15"]
[Round "1"]
[White "dimitridruloza2012"]
[Black "Daniel1962"]
[Result "0-1"]
[WhiteElo "1763"]
[BlackElo "1803"]

1. g3 c6 2. Bg2 Nf6 3. b3 d5 4. Bb2 Bf5 5. Nf3 Qb6 6. Nh4 Ng4 7. e3 e6 8. h3 Ne5
9. Bxe5 Nd7 10. Bb2 Bb4 11. Bxg7 Rg8 12. Bb2 O-O-O 13. a3 Bd6 14. Nc3 Be5 15.
Na4 Qc7 16. d3 Bxb2 17. Nxb2 Qa5+ 18. b4 Qc7 19. O-O e5 20. Nxf5 Nf6 21. a4 a6
22. a5 Qd7 23. Nh6 Rg6 24. Ng4 Nxg4 25. hxg4 Kb8 26. Bh3 Rg5 27. Na4 Rh8 28. Kh2
h5 29. gxh5 Rgxh5 30. Kg2 Qxh3+ 31. Kf3 Rf5+ 32. Ke2 Qg4+ 33. f3 Rh2+ 34. Ke1
Qxg3+ 35. Rf2 Qxf2# 0-1

[Event "AUTO-OPEN-4624"]
[Site "http://www.queenalice.com/game.php?id=1865624"]
[Date "2025.11.15"]
[Round "1"]
[White "dimitridruloza2012"]
[Black "game"]
[Result "1-0"]
[WhiteElo "1742"]
[BlackElo "1542"]

1. g3 d6 2. Bg2 e5 3. b3 Nf6 4. Bb2 d5 5. Bxe5 Ng4 6. Bb2 c6 7. h3 Nxf2 8. Kxf2
Qf6+ 9. Bxf6 Bc5+ 10. e3 gxf6 11. Nf3 Nd7 12. Nh4 f5 13. Nxf5 Ne5 14. Nh6 Rf8
15. Qh5 Ng6 16. Rf1 b5 17. Kg1 Ba6 18. Rf6 Be7 19. Rxc6 Bb7 20. Bxd5 Rd8 21. Nc3
Bf6 22. Rf1 Rxd5 23. Qxd5 Bxc6 24. Qxc6+ Ke7 25. Qxf6+ Ke8 26. Nd5 Kd7 27. Qa6
Ne7 28. Qxa7+ Ke6 29. Nxe7 Re8 30. Nc6 Rc8 31. Qxf7+ Kd6 32. Rf6+ Kc5 33. Qe7+
Kb6 34. Nd4+ 1-0

[Event "AUTO-OPEN-4624"]
[Site "http://www.queenalice.com/game.php?id=1865625"]
[Date "2025.11.15"]
[Round "1"]
[White "game"]
[Black "dimitridruloza2012"]
[Result "0-1"]
[WhiteElo "1539"]
[BlackElo "1750"]

1. e4 b6 2. Nf3 Bb7 3. d4 Bxe4 4. Bc4 Bb7 5. O-O e6 6. Ne5 Nf6 7. Bg5 h6 8. Bh4
g5 9. Bg3 Ne4 10. f3 Nd6 11. f4 f6 12. Qh5+ Ke7 13. Nf7 Nxf7 14. f5 Nc6 15. d5
Nce5 16. Nc3 Nxc4 17. Rf2 e5 18. Qg6 h5 19. Ne4 Rh6 20. d6+ Ncxd6 21. Qg8 Nxe4
22. Re2 d6 23. Be1 Qd7 24. h4 Qxf5 25. Bb4 Qg4 26. Re3 Qxh4 27. Rae1 Qf2+ 28.
Kh2 Nc5 29. R3e2 Qf4+ 30. g3 Qxb4 31. Rf1 Qxb2 32. Kh3 Qxa2 33. Ref2 Ne4 34. Re1
Nxf2+ 0-1

[Event "AUTO-OPEN-4624"]
[Site "http://www.queenalice.com/game.php?id=1865626"]
[Date "2025.11.15"]
[Round "1"]
[White "dimitridruloza2012"]
[Black "askasl159"]
[Result "0-1"]
[WhiteElo "1766"]
[BlackElo "1656"]

1. g3 g6 2. Bg2 Bg7 3. c3 Nf6 4. b3 d5 5. Bb2 O-O 6. Nf3 Nc6 7. Na3 e5 8. e3 b6
9. Qc2 Bf5 10. Qc1 Bd3 11. Bf1 Be4 12. Qd1 d4 13. d3 Bxf3 14. Qxf3 Qd7 15. Bg2
Ne7 16. cxd4 exd4 17. Bxd4 Ned5 18. O-O b5 19. Qe2 b4 20. Nc4 a5 21. Ne5 Qd6 22.
Rac1 Ra6 23. Rc5 c6 24. Rcc1 Nd7 25. Nc4 Qe7 26. Qb2 Nc3 27. a3 Ne5 28. Bxc3
bxc3 29. Rxc3 Nxd3 30. Qc2 Bxc3 31. Qxd3 Bg7 32. Nd2 Rb6 33. Ne4 Rd8 34. Qe2
Qxa3 35. Qf3 Qxb3 36. Ng5 c5 37. Qf4 h6 38. Ne4 c4 39. Qc7 Rdb8 40. Nd6 c3 41.
Qc5 Rd8 42. Nc8 Rb5 43. Qe7 Rxc8 44. Qd7 Rbc5 45. Qd3 a4 46. Be4 a3 47. Rd1 a2
48. Bxg6 fxg6 49. Kg2 Qd5+ 50. Qxd5+ Rxd5 51. Rxd5 a1=Q 52. e4 c2 53. h4 c1=Q
54. Kf3 Rc3+ 55. Kg4 h5+ 56. Rxh5 gxh5+ 57. Kxh5 Qd1+ 58. g4 Rc5+ 59. Kg6 Qxg4#
0-1

[Event "AUTO-OPEN-4624"]
[Site "http://www.queenalice.com/game.php?id=1865627"]
[Date "2025.11.15"]
[Round "1"]
[White "askasl159"]
[Black "dimitridruloza2012"]
[Result "0-1"]
[WhiteElo "1485"]
[BlackElo "1758"]

1. e4 b6 2. Nf3 Bb7 3. Nc3 g6 4. Bc4 Bg7 5. d4 e6 6. O-O Nf6 7. e5 Nh5 8. g4 Nf6
9. exf6 Qxf6 10. d5 Na6 11. Bg5 Qxc3 12. bxc3 Bxc3 13. Bxa6 Bxa6 14. Re1 h6 15.
Bd2 Bxa1 16. Qxa1 O-O-O 17. dxe6 fxe6 18. Bc3 Rhf8 19. Bf6 Rde8 20. Nh4 Rf7 21.
Nxg6 Rg8 22. Ne7+ Rxe7 23. Bxe7 Rxg4+ 24. Kh1 Bb7+ 0-1

[Event "AUTO-ADV-4905"]
[Site "http://www.queenalice.com/game.php?id=1866002"]
[Date "2025.11.22"]
[Round "1"]
[White "Castling"]
[Black "dimitridruloza2012"]
[Result "0-1"]
[WhiteElo "1702"]
[BlackElo "1766"]

1. e4 b6 2. Bc4 Bb7 3. d3 g6 4. Nf3 Bg7 5. Nc3 Bxc3+ 6. bxc3 Nf6 7. h3 e6 8. Bg5
h6 9. Be3 Nc6 10. a3 Qe7 11. Qd2 d6 12. Bxh6 Na5 13. Bb3 O-O-O 14. Bg5 Rh5 15.
Be3 Kb8 16. O-O-O Qd7 17. Ng5 Qb5 18. Kb2 Nd7 19. Nxf7 Rc8 20. c4 Qa6 21. h4 Rf8
22. Ng5 Rfh8 23. Nxe6 Rxh4 24. Rxh4 Rxh4 25. Nf4 Ne5 26. Nd5 Bxd5 27. cxd5 Qb5
28. c4 Nexc4+ 29. dxc4 Nxc4+ 0-1